| 000 | 02331nam0a22003131 4500 | ||
|---|---|---|---|
| 001 | rc\4155421 | ||
| 005 | 20250611004841.0 | ||
| 035 | _a(NLR Aleph) 007993435 | ||
| 090 |
_a8594073 _c8594073 |
||
| 100 | _a20130415d1952 |||y0rusy50 ca | ||
| 101 | 0 | _arus | |
| 102 | _aRU | ||
| 105 | _ay z ||||| | ||
| 200 | 1 |
_aСборник смет к проекту № 1039 локомобильной электростанции 2х75 л. с. _eТопливо - подмосковный уголь [и Донецкий] уголь АРШ _fМ-во мяс. и мол. пром. СССР. Гл. упр. животноводческ. совхозов Моск. зоны. Трест "Мосмясомолсовхозстрой". Проектное бюро |
|
| 210 |
_aМосква _cБ. и. _d1952 |
||
| 215 |
_a72 с. _d29 |
||
| 300 | _aПриложения без тит. л. и обл. | ||
| 300 | _aЛитогр. | ||
| 311 | _aПрил.: Пояснительная записка к строительной части проекта., [1952] | ||
| 311 | _aПрил.: Пояснительная записка [к проекту]: Топливо - донецкий уголь марки АРШ: Технол. часть., [1952] | ||
| 311 | _aПрил.: Пояснительная записка [к проекту]: Топливо - подмосковный уголь: Технол. часть., [1952] | ||
| 421 | 0 |
_11010#$arus _12001#$aПояснительная записка к строительной части проекта _1210##$d[1952] _1215##$a5 с. _tПояснительная записка к строительной части проекта |
|
| 421 | 0 |
_11010#$arus _12001#$aПояснительная записка [к проекту]$eТопливо - донецкий уголь марки АРШ$eТехнол. часть _1210##$d[1952] _1215##$a21 с. _tПояснительная записка [к проекту] |
|
| 421 | 0 |
_11010#$arus _12001#$aПояснительная записка [к проекту]$eТопливо - подмосковный уголь$eТехнол. часть _1210##$d[1952] _1215##$a20 с. _tПояснительная записка [к проекту] |
|
| 801 | 0 |
_aRU _bNLR _gpsbo |
|
| 801 | 1 |
_aRU _bELAR _2rusmarc |
|
| 852 |
_aNLR _jТ14 Г-7/199 |
||
| 942 | _cBOOK | ||
| 980 | _aNB | ||